|
|
|
|
| LEADER |
01014nam a22003012i 4500 |
| 001 |
001502509 |
| 003 |
CZ BrMZK |
| 005 |
20160504140059.0 |
| 007 |
ta |
| 008 |
151218s1987 xo er|||||||||||hun d |
| 040 |
|
|
|a BOA001
|b cze
|e rda
|
| 041 |
1 |
|
|a hun
|h slo
|
| 100 |
1 |
|
|a Duračinský, Ivan
|4 aut
|
| 245 |
1 |
2 |
|a A gyorsítas, a békeharc és a társadalmi haladás stratégiája /
|c Ivan Duračinský, Svetozár Štefanec
|
| 250 |
|
|
|a 1. kiadás
|
| 264 |
|
1 |
|a Bratislava :
|b Pravda,
|c 1987
|
| 300 |
|
|
|a 111 stran
|
| 336 |
|
|
|a text
|b txt
|2 rdacontent
|
| 337 |
|
|
|a bez média
|b n
|2 rdamedia
|
| 338 |
|
|
|a svazek
|b nc
|2 rdacarrier
|
| 490 |
1 |
|
|a Segédanyag a politikai agitáció számára
|
| 500 |
|
|
|a Přeloženo ze slovenštiny?
|
| 700 |
1 |
|
|a Štefanec, Svetozár
|7 mzk2013741404
|4 aut
|
| 830 |
|
0 |
|a Segédanyag a politikai agitáció számára
|
| 910 |
|
|
|a BOA001
|b M1-0925.578
|
| 990 |
|
|
|a BK
|
| 991 |
|
|
|b 201512
|
| 996 |
7 |
|
|b 2619138224
|c M1-0925.578
|l MZK
|r Sklad / do 24 hodin
|n 0
|w 001537585
|u 000010
|a 1
|e BOA001
|j MZK50
|s A
|